[Event "Znojemska Rotunda 2006"]
[Site "?"]
[Date "2006.08.19"]
[Round "1.1"]
[White "Maslik, Miroslav"]
[Black "Horak, Karel sen"]
[Result "1-0"]
[WhiteElo "2226"]
[BlackElo "1786"]
[PlyCount "60"]
[EventDate "2006.08.19"]

1. e4 e5 2. Nf3 Nf6 3. Nxe5 d6 4. Nf3 Nxe4 5. Nc3 Nxc3 6. dxc3 Be7 7. Bf4 Nd7
8. Qd2 Nc5 9. Bd3 Nxd3+ 10. Qxd3 Qd7 11. Nd4 O-O 12. O-O-O Qa4 13. Kb1 Bf6 14.
h4 Bd7 15. Bg5 Bxd4 16. cxd4 f6 17. Bc1 Be6 18. d5 Bf7 19. h5 Rae8 20. f3 Re5
21. b3 Qd7 22. h6 g5 23. Qc4 b5 24. Qc3 Bxd5 25. f4 gxf4 26. Bxf4 Kh8 27. Bxe5
dxe5 28. Qc5 Rd8 29. Kb2 Qf7 30. Qxb5 c6 1-0

[Event "Znojemska Rotunda 2006"]
[Site "?"]
[Date "2006.08.19"]
[Round "1.3"]
[White "Molik, Zdenek 1"]
[Black "Pokorny, Jan"]
[Result "1-0"]
[WhiteElo "2195"]
[BlackElo "1710"]
[PlyCount "41"]
[EventDate "2006.08.19"]

1. e4 e5 2. Nf3 Nf6 3. Nxe5 Nxe4 4. Qe2 Qe7 5. Qxe4 d6 6. d4 Nd7 7. Bc4 dxe5 8.
O-O Nb6 9. Bb3 exd4 10. Qxd4 Bd7 11. Qf4 Bc6 12. Nc3 f6 13. Rd1 g5 14. Qg4 h5
15. Qf5 Qh7 16. Re1+ Be7 17. Qxf6 Rf8 18. Qxg5 Rf5 19. Qg3 Kd8 20. Bf4 Rc8 21.
Be6 1-0

[Event "Znojemska Rotunda 2006"]
[Site "?"]
[Date "2006.08.19"]
[Round "1.4"]
[White "Skaroupka, Jiri"]
[Black "Kukla, Tomas"]
[Result "1-0"]
[WhiteElo "2161"]
[BlackElo "1590"]
[PlyCount "59"]
[EventDate "2006.08.19"]

1. d4 d5 2. c4 c6 3. Nc3 Nf6 4. Nf3 e6 5. Bg5 dxc4 6. e4 b5 7. e5 h6 8. Bh4 g5
9. Nxg5 hxg5 10. Bxg5 Nbd7 11. exf6 Bb7 12. g3 c5 13. d5 Qb6 14. Bg2 O-O-O 15.
O-O b4 16. Na4 Qb5 17. a3 Nb8 18. axb4 cxb4 19. Qd4 Nc6 20. Nb6+ axb6 21. dxc6
Bxc6 22. Bxc6 Qxc6 23. Qg4 Bh6 24. Rac1 b5 25. Bxh6 Rxh6 26. h4 Rg6 27. Qf4
Rdg8 28. Rfd1 Rg4 29. Rd8+ Kb7 30. Qb8+ 1-0

[Event "Znojemska Rotunda 2006"]
[Site "?"]
[Date "2006.08.19"]
[Round "1.5"]
[White "Havel, Vojtech"]
[Black "Docekal, Jan"]
[Result "0-1"]
[WhiteElo "1571"]
[BlackElo "2159"]
[PlyCount "60"]
[EventDate "2006.08.19"]

1. d4 Nf6 2. c4 e6 3. Nc3 Bb4 4. Bg5 c5 5. e3 Qa5 6. Nge2 Ne4 7. Bf4 Nxc3 8.
Nxc3 Bxc3+ 9. bxc3 Qxc3+ 10. Ke2 Qxc4+ 11. Ke1 Qc3+ 12. Ke2 Nc6 13. dxc5 Qb2+
14. Ke1 e5 15. Bg3 Qc3+ 16. Ke2 b6 17. f3 Ba6+ 18. Kf2 Qb2+ 19. Kg1 Bxf1 20.
Qxf1 bxc5 21. Qc1 Rb8 22. h3 Qe2 23. Rb1 O-O 24. Kh2 Rxb1 25. Qxb1 Rb8 26. Qe1
Qxa2 27. Qa1 Qxa1 28. Rxa1 d5 29. e4 d4 30. Rc1 Rb5 0-1

[Event "Znojemska Rotunda 2006"]
[Site "?"]
[Date "2006.08.19"]
[Round "1.7"]
[White "Bastyr, Pavel"]
[Black "Pokrupa, Marek"]
[Result "0-1"]
[WhiteElo "1541"]
[BlackElo "2142"]
[PlyCount "122"]
[EventDate "2006.08.19"]

1. d4 Nf6 2. Bg5 g6 3. Bxf6 exf6 4. e4 Bg7 5. Nf3 d6 6. Nc3 O-O 7. Bd3 c5 8.
dxc5 dxc5 9. O-O Nc6 10. Rb1 Nd4 11. Nxd4 cxd4 12. Ne2 Be6 13. a3 Qb6 14. Qc1
Rac8 15. b3 Rfd8 16. Nf4 Bh6 17. Nd5 Rxd5 18. Qxh6 Rg5 19. Rfe1 Qd6 20. Qh4 Rh5
21. Qg3 Qxa3 22. Qf4 Qe7 23. e5 fxe5 24. Rxe5 Rxe5 25. Qxe5 Qc5 26. Qf6 a5 27.
h4 Rc6 28. Re1 Qb6 29. h5 Bd7 30. Qe5 Re6 31. Qb8+ Kg7 32. Rxe6 Bxe6 33. hxg6
hxg6 34. Qe5+ f6 35. Qe4 Bf7 36. Qe7 Kg8 37. Be4 Qe6 38. Qd8+ Qe8 39. Qxd4 b6
40. Bd3 Qe1+ 41. Kh2 Qe5+ 42. Qxe5 fxe5 43. Kg3 Kg7 44. Kf3 Bd5+ 45. Be4 Be6
46. Ke3 b5 47. Bd3 a4 48. bxa4 bxa4 49. Kd2 Bd5 50. Bf1 a3 51. Kc1 Ba2 52. c4
Bb3 53. c5 Kf6 54. Bd3 g5 55. Be4 Ke6 56. g3 Bd5 57. f3 Bxe4 58. fxe4 Kd7 59.
Kb1 Kc6 60. Ka2 Kxc5 61. Kxa3 Kd4 0-1

[Event "Znojemska Rotunda 2006"]
[Site "?"]
[Date "2006.08.19"]
[Round "1.8"]
[White "Molik, Zdenek 2"]
[Black "Lasinskas, Povilas"]
[Result "0-1"]
[WhiteElo "1629"]
[BlackElo "2124"]
[PlyCount "94"]
[EventDate "2006.08.19"]

1. e4 e6 2. d4 d5 3. e5 c5 4. c3 Bd7 5. Nf3 a6 6. Be2 Bb5 7. O-O Nc6 8. Na3
Bxe2 9. Qxe2 cxd4 10. cxd4 Nge7 11. Nc2 Nf5 12. Be3 Be7 13. b3 O-O 14. Rac1 Rc8
15. Qd2 Qb6 16. h3 Na7 17. Qd1 Nb5 18. Bd2 Nc3 19. Bxc3 Rxc3 20. Qd2 Rfc8 21.
Ne3 Rxc1 22. Rxc1 Rxc1+ 23. Qxc1 Nxd4 24. Nxd4 Qxd4 25. Qc8+ Bf8 26. Qxb7 Qa1+
27. Kh2 Qxa2 28. f3 Qe2 29. Qb6 h5 30. h4 g6 31. Kh3 Bh6 32. Nxd5 exd5 33. Qd8+
Kh7 34. Qxd5 Bg7 35. Qb7 Qxe5 36. Qxa6 Qf5+ 37. Kg3 Be5+ 38. Kf2 Qc2+ 39. Qe2
Bd4+ 40. Kf1 Qxb3 41. g3 Qe3 42. Qxe3 Bxe3 43. Kg2 Kg7 44. f4 Bxf4 45. gxf4 Kf6
46. Kg3 Kf5 47. Kf3 f6 0-1

[Event "Znojemska Rotunda 2006"]
[Site "?"]
[Date "2006.08.19"]
[Round "1.9"]
[White "Adam, Petr sen"]
[Black "Malar, Josef"]
[Result "1-0"]
[WhiteElo "2102"]
[BlackElo "1541"]
[PlyCount "75"]
[EventDate "2006.08.19"]

1. e4 e5 2. Bc4 Nf6 3. d3 Be7 4. f4 exf4 5. e5 Ng8 6. Bxf4 d5 7. exd6 Bxd6 8.
Bxd6 Qxd6 9. Nc3 Nf6 10. Qe2+ Be6 11. Bxe6 Qxe6 12. Qxe6+ fxe6 13. Nf3 O-O 14.
O-O Nbd7 15. Rae1 Rfe8 16. Re2 h6 17. Rfe1 Kf7 18. Nb5 Rac8 19. a3 a6 20. Nbd4
Nd5 21. Rxe6 Rxe6 22. Nxe6 Re8 23. Ned4 Ne3 24. Re2 c5 25. Nb3 c4 26. Nbd2 cxd3
27. cxd3 Nc5 28. Nc4 Nxc4 29. Rxe8 Kxe8 30. dxc4 Nb3 31. Kf2 Ke7 32. Ke3 Kd6
33. Nd4 Nxd4 34. Kxd4 b6 35. b4 g6 36. Ke4 Kc6 37. Ke5 a5 38. Kf6 1-0

[Event "Znojemska Rotunda 2006"]
[Site "?"]
[Date "2006.08.19"]
[Round "1.10"]
[White "Adam, Petr jun"]
[Black "Blazek, Milos"]
[Result "0-1"]
[WhiteElo "1497"]
[BlackElo "2100"]
[PlyCount "76"]
[EventDate "2006.08.19"]

1. e4 e5 2. Nc3 Nf6 3. g3 d5 4. exd5 Nxd5 5. Bg2 Nb6 6. d3 Bc5 7. Be3 Qe7 8.
Nge2 Nc6 9. O-O Bg4 10. Bxc5 Qxc5 11. Ne4 Qe7 12. f3 Be6 13. Kh1 h5 14. h4
O-O-O 15. f4 Bg4 16. Bf3 Nd5 17. Bxg4+ hxg4 18. Qd2 exf4 19. Nxf4 g5 20. Nxd5
Rxd5 21. Nf6 Re5 22. h5 Nd4 23. Rae1 Nf3 24. Rxe5 Qxe5 25. Qb4 Qxg3 26. Qxg4+
Qxg4 27. Nxg4 Rxh5+ 28. Kg2 Nh4+ 29. Kg3 f5 30. Nf6 Rh6 31. Ng8 Re6 32. Kf2 g4
33. Kg3 Nf3 34. Kf4 Re2 35. Rc1 Ne1 36. Nh6 Rf2+ 37. Kg5 Rf1 38. Kg6 g3 0-1

[Event "Znojemska Rotunda 2006"]
[Site "?"]
[Date "2006.08.19"]
[Round "1.11"]
[White "Dobes, Oldrich"]
[Black "Tran, Adam"]
[Result "1-0"]
[WhiteElo "2084"]
[BlackElo "1459"]
[PlyCount "41"]
[EventDate "2006.08.19"]

1. e4 e5 2. Nf3 Nc6 3. Bb5 d6 4. O-O g6 5. d4 exd4 6. Bxc6+ bxc6 7. Qxd4 Nf6 8.
e5 dxe5 9. Qxd8+ Kxd8 10. Nxe5 Ke8 11. Nxc6 Bg7 12. Nc3 Be6 13. Re1 Kd7 14.
Ne5+ Kd6 15. Bf4 Ke7 16. Rad1 Rhc8 17. Nc6+ Ke8 18. Be5 Kf8 19. Bd4 Bd7 20.
Bc5+ Kg8 21. Ne7+ 1-0

[Event "Znojemska Rotunda 2006"]
[Site "?"]
[Date "2006.08.19"]
[Round "1.12"]
[White "Holik, Jakub"]
[Black "Dvorak, Libor"]
[Result "0-1"]
[WhiteElo "1414"]
[BlackElo "2079"]
[PlyCount "26"]
[EventDate "2006.08.19"]

1. d4 Nf6 2. c4 c5 3. e3 cxd4 4. exd4 d5 5. Nf3 Nc6 6. Bg5 Ne4 7. Bf4 Bg4 8.
Be3 e5 9. c5 Qa5+ 10. Nbd2 exd4 11. Bf4 Bxc5 12. a3 d3 13. b4 Bxf2# 0-1

[Event "Znojemska Rotunda 2006"]
[Site "?"]
[Date "2006.08.19"]
[Round "1.13"]
[White "Smetak, Vaclav"]
[Black "Jostic, Peter"]
[Result "1-0"]
[WhiteElo "2050"]
[BlackElo "1400"]
[PlyCount "143"]
[EventDate "2006.08.19"]

1. d4 Nf6 2. Nf3 g6 3. c4 Bg7 4. g3 O-O 5. Bg2 d6 6. O-O c5 7. Nc3 Na6 8. e3
Rb8 9. Qe2 Nc7 10. Rd1 Qe8 11. a4 Na6 12. h3 Nb4 13. dxc5 dxc5 14. e4 e5 15.
Nb5 Bd7 16. Be3 b6 17. Ne1 a6 18. Nc3 Qc8 19. Kh2 Nh5 20. Nd3 f5 21. Nxb4 cxb4
22. Nd5 Qe8 23. exf5 Bxa4 24. Rd2 Bc6 25. Rxa6 gxf5 26. Bxb6 Bb7 27. Ra7 e4 28.
Bc7 Bxd5 29. Bxb8 Qxb8 30. Rxg7+ Nxg7 31. Rxd5 Re8 32. Qd2 h5 33. Rd7 h4 34.
Qd5+ Kh8 35. Rb7 hxg3+ 36. fxg3 Qe5 37. Qxe5 Rxe5 38. Bf1 e3 39. Be2 Ne6 40.
Kg2 Nd4 41. Kf1 b3 42. Rd7 Ne6 43. Bf3 Ng5 44. Bg2 Ne4 45. Bxe4 Rxe4 46. Ke2 f4
47. gxf4 Rxf4 48. Kxe3 Rxc4 49. Rd3 Rh4 50. Kd2 Rb4 51. Kc3 Rb7 52. Rd4 Kg8 53.
Rb4 Rf7 54. Rb8+ Kg7 55. h4 Rf3+ 56. Kb4 Rf4+ 57. Kxb3 Rxh4 58. Re8 Kf7 59. Re3
Rg4 60. Kc3 Ra4 61. b3 Ra3 62. Kc4 Kf6 63. Re2 Kf7 64. b4 Ra1 65. Kc5 Rc1+ 66.
Kb6 Rc3 67. b5 Rc1 68. Kb7 Rc3 69. b6 Rc1 70. Kb8 Rc3 71. b7 Ra3 72. Rc2 1-0

[Event "Znojemska Rotunda 2006"]
[Site "?"]
[Date "2006.08.20"]
[Round "2.2"]
[White "Dobes, Oldrich"]
[Black "Molik, Zdenek 1"]
[Result "1/2-1/2"]
[WhiteElo "2084"]
[BlackElo "2195"]
[PlyCount "111"]
[EventDate "2006.08.19"]

1. e4 e5 2. Nf3 Nc6 3. Bb5 a6 4. Ba4 Nf6 5. O-O Nxe4 6. d4 b5 7. Bb3 d5 8. dxe5
Be6 9. Nbd2 Be7 10. Qe2 Nc5 11. c3 O-O 12. Bc2 Bg4 13. b4 Ne6 14. a4 Rb8 15.
axb5 axb5 16. Nb3 g6 17. Rd1 Bg5 18. h3 Bxf3 19. Qxf3 Nxe5 20. Qxd5 Bxc1 21.
Qxe5 Bf4 22. Qe4 Qf6 23. Nd4 Rfe8 24. Qc6 Be5 25. Nxb5 Qg5 26. Bd3 Nf4 27. Qf3
c6 28. Nd4 Bxd4 29. cxd4 Rxb4 30. Be4 Nxh3+ 31. Qxh3 Rxe4 32. Qc8+ Kg7 33. Ra8
Qe7 34. Qh8+ Kh6 35. Ra3 Rh4 36. g3 Re4 37. Kg2 Rb2 38. Rh1+ Kg5 39. Ra5+ f5
40. Rf1 Qd7 41. d5 Rbe2 42. dxc6 Qxc6 43. Kg1 Qc7 44. Ra3 Qe7 45. Qc3 f4 46.
Ra5+ Kh6 47. Kg2 Re1 48. Rxe1 Rxe1 49. Qf3 fxg3 50. Qf4+ g5 51. Ra6+ Re6 52.
Rxe6+ Qxe6 53. Qxg3 Kh5 54. Qh3+ Qxh3+ 55. Kxh3 Kg6 56. f4 1/2-1/2

[Event "Znojemska Rotunda 2006"]
[Site "?"]
[Date "2006.08.20"]
[Round "2.3"]
[White "Dvorak, Libor"]
[Black "Skaroupka, Jiri"]
[Result "1/2-1/2"]
[WhiteElo "2079"]
[BlackElo "2161"]
[PlyCount "50"]
[EventDate "2006.08.19"]

1. Nf3 d5 2. c4 c6 3. g3 Nf6 4. b3 Bg4 5. Bg2 e6 6. Bb2 Bc5 7. O-O O-O 8. d3
Nbd7 9. Nbd2 Qb8 10. Qc2 Rc8 11. e4 dxe4 12. Nxe4 Be7 13. d4 Qc7 14. Rac1 Rd8
15. Rfe1 Bf5 16. Nh4 Bxe4 17. Bxe4 Nxe4 18. Qxe4 Bf6 19. Nf3 Nf8 20. Red1 Rd7
21. Ba3 Ng6 22. d5 Rad8 23. Re1 e5 24. dxc6 bxc6 25. Bb2 Re7 1/2-1/2

[Event "Znojemska Rotunda 2006"]
[Site "?"]
[Date "2006.08.20"]
[Round "2.4"]
[White "Docekal, Jan"]
[Black "Smetak, Vaclav"]
[Result "1-0"]
[WhiteElo "2159"]
[BlackElo "2050"]
[PlyCount "107"]
[EventDate "2006.08.19"]

1. e4 c5 2. Nc3 Nc6 3. f4 g6 4. Nf3 Bg7 5. Bc4 e6 6. O-O Nge7 7. f5 d5 8. Bb5
dxe4 9. f6 Bxf6 10. Nxe4 Bg7 11. d3 O-O 12. c3 b6 13. Bg5 f6 14. Bh4 a6 15. Ba4
e5 16. Qe2 Be6 17. Nxe5 Nxe5 18. Nxf6+ Kh8 19. Qxe5 Nf5 20. Qxe6 Nxh4 21. Nd7
Rxf1+ 22. Rxf1 b5 23. Bb3 c4 24. dxc4 Qg5 25. Qd5 Qe3+ 26. Kh1 Rd8 27. cxb5
axb5 28. Qxb5 Nxg2 29. Kxg2 Qd2+ 30. Rf2 Qxd7 31. Qxd7 Rxd7 32. Re2 Bf6 33. a4
Kg7 34. Bc4 Rc7 35. Bb5 Rc5 36. Rd2 g5 37. Kf3 Be7 38. Ke4 Kf6 39. Kd4 Rf5 40.
b4 h5 41. Bd3 Rf4+ 42. Kd5 g4 43. a5 Bd8 44. Kc6 Kg5 45. Bb5 Bf6 46. Rc2 Bd8
47. Kd7 Rf8 48. Bc6 h4 49. c4 g3 50. hxg3 hxg3 51. c5 Kg4 52. Bg2 Bg5 53. Ra2
Rf2 54. Rxf2 1-0

[Event "Znojemska Rotunda 2006"]
[Site "?"]
[Date "2006.08.20"]
[Round "2.5"]
[White "Petlak, Josef"]
[Black "Fryc, Miroslav"]
[Result "0-1"]
[WhiteElo "2019"]
[BlackElo "2151"]
[PlyCount "160"]
[EventDate "2006.08.19"]

1. c3 Nf6 2. e3 d5 3. Be2 e6 4. f4 c5 5. Nf3 Bd6 6. O-O O-O 7. b3 a6 8. a4 Nc6
9. Bb2 Rb8 10. Na3 Na5 11. Qc2 Qb6 12. b4 Nc6 13. bxc5 Bxc5 14. d4 Be7 15. Rfb1
Bd7 16. c4 Nb4 17. Qd1 dxc4 18. Nxc4 Qc7 19. Rc1 Bc6 20. a5 Nfd5 21. Qb3 Qd8
22. Nce5 Be8 23. Bc4 b5 24. Bxd5 Nxd5 25. Nc6 Bxc6 26. Rxc6 Nb4 27. Rcc1 Rc8
28. Ne5 Qd5 29. Qxd5 Nxd5 30. Kf2 Nb4 31. Ke2 Nc2 32. Rab1 Rc7 33. Nd7 Rfc8 34.
Nb6 Rd8 35. Kd3 Nb4+ 36. Ke4 f5+ 37. Kf3 Nc2 38. Rd1 Bb4 39. d5 exd5 40. Be5
Rb7 41. Nxd5 Bxa5 42. Rb2 Na3 43. Rb3 Nc4 44. Rbd3 Kf7 45. Nb4 Nxe5+ 46. fxe5
Rxd3 47. Nxd3 Bc3 48. e6+ Ke7 49. Nc5 Ra7 50. Rd5 g6 51. e4 Bb4 52. Nd3 fxe4+
53. Kxe4 Bd6 54. h4 Kxe6 55. h5 Rc7 56. Rg5 Rc4+ 57. Ke3 Kf6 58. Rd5 Ke6 59.
Rg5 Kf6 60. Rd5 Bc7 61. hxg6 hxg6 62. Rd7 a5 63. Rd5 b4 64. Rb5 Ke6 65. Ne1
Rc3+ 66. Nd3 Kd6 67. Rg5 Kc6 68. Kd2 Bd6 69. Rxg6 Ra3 70. Ne5+ Kd5 71. Rxd6+
Kxe5 72. Ra6 Kd4 73. g4 Kc4 74. Ra8 Ra2+ 75. Ke3 b3 76. Rc8+ Kb4 77. Kd3 Rg2
78. Rb8+ Ka3 79. Rb5 a4 80. g5 Ka2 0-1

[Event "Znojemska Rotunda 2006"]
[Site "?"]
[Date "2006.08.20"]
[Round "2.6"]
[White "Pokrupa, Marek"]
[Black "Jadud, Oto"]
[Result "1-0"]
[WhiteElo "2142"]
[BlackElo "1981"]
[PlyCount "63"]
[EventDate "2006.08.19"]

1. e4 e6 2. d4 d5 3. e5 c5 4. c3 Nc6 5. Nf3 Qb6 6. Bd3 Bd7 7. dxc5 Bxc5 8. Qe2
a5 9. O-O f6 10. Bf4 g5 11. Bg3 g4 12. Nh4 h5 13. Bg6+ Kd8 14. exf6 Nxf6 15.
Na3 Ne7 16. Be5 Rf8 17. c4 Nxg6 18. Nxg6 Rf7 19. Nh8 Rf8 20. Ng6 Ne4 21. Nxf8
Bxf8 22. Rad1 Bc5 23. Nb5 Bxb5 24. Qxe4 Bc6 25. cxd5 Bxd5 26. Qh7 Rc8 27. Qxh5
Qb4 28. Qf7 Rc6 29. Bc3 Qe4 30. Bf6+ Kc8 31. Qe8+ Kc7 32. Qd8# 1-0

[Event "Znojemska Rotunda 2006"]
[Site "?"]
[Date "2006.08.20"]
[Round "2.7"]
[White "Lasinskas, Povilas"]
[Black "Bilek, Martin"]
[Result "1-0"]
[WhiteElo "2124"]
[BlackElo "1828"]
[PlyCount "95"]
[EventDate "2006.08.19"]

1. d4 d5 2. Bg5 c6 3. e3 Nf6 4. Nd2 e6 5. Ngf3 Nbd7 6. c4 dxc4 7. Bxc4 b5 8.
Bb3 Bb7 9. O-O Qb6 10. Qe2 c5 11. a4 a6 12. Ne5 Nxe5 13. dxe5 Nd7 14. f4 c4 15.
Bc2 Bc5 16. Rae1 f6 17. exf6 gxf6 18. Bh4 O-O-O 19. axb5 axb5 20. Be4 Rhg8 21.
Qf3 Bb4 22. Bxb7+ Qxb7 23. Ne4 f5 24. Nc3 Rde8 25. Qxb7+ Kxb7 26. Rd1 Kc6 27.
Nxb5 Nc5 28. Nd4+ Kb6 29. Nc2 Nd3 30. Rxd3 cxd3 31. Nxb4 Kb5 32. Nxd3 Kc4 33.
Ne5+ Kb3 34. Rf2 Ra8 35. h3 Ra1+ 36. Kh2 Re1 37. Bg5 Rxe3 38. Nf3 Rc8 39. Bf6
Ka4 40. Be5 Rc6 41. Rf1 Rc2 42. Ra1+ Kb4 43. Nd4 Rd2 44. Nxe6 Kc4 45. Ng7 Ree2
46. Rg1 Kd5 47. Nxf5 Ke4 48. Ng3+ 1-0

[Event "Znojemska Rotunda 2006"]
[Site "?"]
[Date "2006.08.20"]
[Round "2.8"]
[White "Vavrousek, Petr"]
[Black "Adam, Petr sen"]
[Result "1-0"]
[WhiteElo "1903"]
[BlackElo "2102"]
[PlyCount "40"]
[EventDate "2006.08.19"]

1. e4 g6 2. d4 d6 3. Nc3 c6 4. Be3 e5 5. dxe5 dxe5 6. Qxd8+ Kxd8 7. Bc4 f6 8.
Nge2 Kc7 9. O-O Nd7 10. f4 Bd6 11. Rad1 Ne7 12. fxe5 Bxe5 13. a4 a5 14. Nd4 Nb6
15. Ndb5+ cxb5 16. Nxb5+ Kc6 17. Be2 Nxa4 18. Nd4+ Kc7 19. Nb5+ Kc6 20. Rxf6+
Bxf6 1-0

[Event "Znojemska Rotunda 2006"]
[Site "?"]
[Date "2006.08.20"]
[Round "2.9"]
[White "Snorek, Milan"]
[Black "Horak, Karel sen"]
[Result "1-0"]
[WhiteElo "2201"]
[BlackElo "1786"]
[PlyCount "90"]
[EventDate "2006.08.19"]

1. d4 d5 2. Nf3 Nf6 3. c4 e6 4. cxd5 exd5 5. Nc3 c6 6. Bg5 Be7 7. e3 O-O 8. Qc2
Nbd7 9. Bd3 Re8 10. O-O Nf8 11. Rab1 Ne4 12. Bxe7 Qxe7 13. b4 Nxc3 14. Qxc3 a6
15. a4 Bg4 16. Nd2 Qg5 17. Kh1 Re6 18. f3 Bh5 19. e4 dxe4 20. Nxe4 Qf4 21. Bc4
Rh6 22. g3 Qc7 23. Qe3 Bg6 24. Rbd1 Nd7 25. Nc5 Nb6 26. Rde1 Kf8 27. Bb3 Nd5
28. Bxd5 cxd5 29. a5 Bf5 30. Qg5 Rf6 31. Re5 h6 32. Qe3 b6 33. axb6 Qxb6 34.
Rxf5 Qb5 35. Nd7+ Qxd7 36. Rxf6 gxf6 37. Qxh6+ Kg8 38. Qxf6 Rc8 39. Qg5+ Kf8
40. Qh6+ Kg8 41. Rf2 Qe7 42. Kg2 Qxb4 43. Qg5+ Kf8 44. Qxd5 Qe1 45. Qe5 Qd1 1-0

[Event "Znojemska Rotunda 2006"]
[Site "?"]
[Date "2006.08.20"]
[Round "2.10"]
[White "Pokorny, Jan"]
[Black "Horak, Karel jun"]
[Result "1/2-1/2"]
[WhiteElo "1710"]
[BlackElo "1794"]
[PlyCount "148"]
[EventDate "2006.08.19"]

1. e4 e5 2. Nf3 Nc6 3. Bb5 a6 4. Ba4 Nf6 5. O-O Be7 6. Re1 b5 7. Bb3 d6 8. h3
O-O 9. c3 Bb7 10. d3 Re8 11. Nbd2 Na5 12. Bc2 c5 13. Nf1 Bf8 14. Ng3 h6 15. Nh4
g6 16. Nf3 d5 17. Qe2 Bg7 18. Be3 c4 19. Rad1 Qc7 20. Bc1 Rad8 21. Nh2 Re6 22.
Qf1 Qb6 23. Kh1 cxd3 24. Rxd3 Rc8 25. exd5 Nxd5 26. Ng4 Nf4 27. Bxf4 exf4 28.
Rxe6 Qxe6 29. Ne2 Be4 30. Nxf4 Qf5 31. Rf3 Bxc2 32. Ne3 Qe4 33. Qc1 Bb1 34.
Ned5 Bxa2 35. Re3 Bxd5 36. Rxe4 Bxe4 37. Qa1 Be5 38. Ne2 Nb3 39. Qxa6 Rb8 40.
f4 Bc7 41. Qa7 Rb7 42. Qa8+ Kg7 43. Qe8 Bd3 44. Qc6 Na5 45. Qf3 Bxe2 46. Qxe2
Bxf4 47. Qe4 Bc7 48. b4 Rb6 49. bxa5 Re6 50. Qd4+ Kh7 51. Qf2 Kg8 52. a6 Rxa6
53. g3 Be5 54. Qe2 Re6 55. Qxb5 Bxc3 56. Kg2 Kg7 57. Qd3 Be5 58. Qf3 h5 59. g4
h4 60. Qf2 Bf6 61. Qf4 Be5 62. Qf2 Bg3 63. Qb2+ Kh7 64. Kf3 Re5 65. Qb3 Kg7 66.
Qc3 Kf6 67. Qc6+ Kg7 68. Qc3 Kf8 69. Qa3+ Kg8 70. Qa8+ Kg7 71. Qa1 f5 72. Qa7+
Kh6 73. Qa3 fxg4+ 74. Kxg4 Re4+ 1/2-1/2

[Event "Znojemska Rotunda 2006"]
[Site "?"]
[Date "2006.08.20"]
[Round "2.11"]
[White "Tran, Adam"]
[Black "Molik, Zdenek 2"]
[Result "0-1"]
[WhiteElo "1459"]
[BlackElo "1629"]
[PlyCount "38"]
[EventDate "2006.08.19"]

1. e4 e5 2. g3 c6 3. d3 Nf6 4. Bg2 d6 5. c4 Be6 6. Nc3 Be7 7. Nge2 Nbd7 8. O-O
Rb8 9. f4 exf4 10. Bxf4 Ne5 11. Bxe5 dxe5 12. a4 O-O 13. Rb1 Qd7 14. b3 Rbd8
15. Nc1 Qd4+ 16. Kh1 Qxc3 17. Qe2 Qd4 18. Rd1 Ng4 19. b4 Nf2+ 0-1

[Event "Znojemska Rotunda 2006"]
[Site "?"]
[Date "2006.08.20"]
[Round "2.12"]
[White "Kukla, Tomas"]
[Black "Holik, Jakub"]
[Result "1-0"]
[WhiteElo "1590"]
[BlackElo "1414"]
[PlyCount "109"]
[EventDate "2006.08.19"]

1. e4 c5 2. Nf3 Nc6 3. d4 cxd4 4. Nxd4 e5 5. Nb5 d6 6. c4 Nf6 7. Bd3 a6 8. N5c3
Be7 9. Bg5 O-O 10. Bxf6 Bxf6 11. Nd5 Be6 12. Nbc3 Bg5 13. O-O Nd4 14. b4 Bxd5
15. Nxd5 b5 16. a4 bxc4 17. Bxc4 Ne6 18. Qd3 a5 19. b5 Nc7 20. Rfd1 Ne6 21. f3
Nc5 22. Qa3 Rc8 23. Be2 f5 24. exf5 Rxf5 25. Ne3 Rf4 26. Qa2+ Kh8 27. Nc4 Rd4
28. Rxd4 exd4 29. Rd1 Qf6 30. Nxa5 Be3+ 31. Kh1 Ra8 32. Nc6 Rxa4 33. Qd5 Qe6
34. Qxe6 Nxe6 35. Rb1 Nc5 36. g3 d3 37. Bd1 Rc4 38. Kg2 d2 39. Ra1 g6 40. Kf1
Rc1 41. Ra8+ Kg7 42. Ke2 Rb1 43. Kxe3 Rxd1 44. Ke2 Rb1 45. Kxd2 Rxb5 46. Rd8
Nb7 47. Rd7+ Kh6 48. h4 d5 49. g4 g5 50. h5 Nc5 51. Rf7 Nb3+ 52. Ke1 d4 53. Kf2
d3 54. Ne7 Rb8 55. Nf5# 1-0

[Event "Znojemska Rotunda 2006"]
[Site "?"]
[Date "2006.08.20"]
[Round "2.13"]
[White "Jostic, Peter"]
[Black "Havel, Vojtech"]
[Result "0-1"]
[WhiteElo "1400"]
[BlackElo "1571"]
[PlyCount "114"]
[EventDate "2006.08.19"]

1. e4 e5 2. f4 d6 3. Nf3 Nd7 4. Bc4 Be7 5. O-O Ngf6 6. Nc3 b6 7. d4 exd4 8.
Nxd4 Bb7 9. Nf5 O-O 10. Qe1 g6 11. Nh6+ Kg7 12. f5 Ne5 13. Bb3 Nh5 14. g4 Bh4
15. f6+ Bxf6 16. gxh5 Bg5 17. Nf5+ gxf5 18. Qg3 Kh6 19. Bxg5+ Qxg5 20. Qxg5+
Kxg5 21. Rxf5+ Kh6 22. Raf1 Kg7 23. R1f2 h6 24. Bd5 Bxd5 25. Nxd5 c6 26. Rg2+
Kh7 27. Nc3 Rg8 28. Rf6 Rxg2+ 29. Kxg2 Rg8+ 30. Kf2 d5 31. exd5 cxd5 32. h3 Rg5
33. Nxd5 Rxh5 34. Nf4 Rg5 35. Nd3 Nxd3+ 36. cxd3 Kg7 37. Rd6 Rc5 38. Rd7 a5 39.
b3 Rc2+ 40. Kf3 Rxa2 41. Rb7 Rh2 42. Rxb6 Rxh3+ 43. Ke4 Rh4+ 44. Ke5 Rh5+ 45.
Ke4 Rh1 46. d4 Re1+ 47. Kd3 h5 48. Rb5 h4 49. Rh5 Rh1 50. Kc4 h3 51. Kb5 h2 52.
Rh3 a4 53. bxa4 Rb1+ 54. Kc6 h1=Q+ 55. Rxh1 Rxh1 56. a5 Ra1 57. Kb6 f5 0-1

[Event "Znojemska Rotunda 2006"]
[Site "?"]
[Date "2006.08.20"]
[Round "3.1"]
[White "Pokrupa, Marek"]
[Black "Docekal, Jan"]
[Result "1/2-1/2"]
[WhiteElo "2142"]
[BlackElo "2159"]
[PlyCount "54"]
[EventDate "2006.08.19"]

1. e4 d6 2. d4 Nf6 3. Nc3 g6 4. Be3 c6 5. h3 Bg7 6. f4 Qa5 7. Bd3 e5 8. Qf3
exd4 9. Bxd4 O-O 10. Nge2 Nbd7 11. O-O Qc7 12. a4 a6 13. a5 c5 14. Nd5 Nxd5 15.
Bxg7 Kxg7 16. exd5 f5 17. c4 Nf6 18. Nc3 Bd7 19. Kh1 Rae8 20. Rg1 Qd8 21. Qf2
Rf7 22. Rge1 Rfe7 23. Rxe7+ Qxe7 24. Kg1 Nh5 25. Be2 Nf6 26. Bf3 Kf7 27. Qd2
Qd8 1/2-1/2

[Event "Znojemska Rotunda 2006"]
[Site "?"]
[Date "2006.08.20"]
[Round "3.2"]
[White "Fryc, Miroslav"]
[Black "Lasinskas, Povilas"]
[Result "1/2-1/2"]
[WhiteElo "2151"]
[BlackElo "2124"]
[PlyCount "62"]
[EventDate "2006.08.19"]

1. e4 e6 2. d4 d5 3. Nc3 Bb4 4. Nge2 dxe4 5. a3 Bxc3+ 6. Nxc3 f5 7. Bc4 c6 8.
O-O Nf6 9. f3 exf3 10. Rxf3 Nd5 11. Bxd5 exd5 12. Re3+ Kf7 13. Qh5+ g6 14. Qh6
Qf8 15. Qh4 Nd7 16. Re2 Nf6 17. Bh6 Qg8 18. Rae1 Ne4 19. Nxe4 dxe4 20. Qf4 g5
21. Bxg5 h6 22. Bh4 Kg6 23. Rxe4 fxe4 24. Qf6+ Kh7 25. Rxe4 Qg7 26. Re7 Rg8 27.
Qe5 Qxe7 28. Qxe7+ Rg7 29. Qe4+ Rg6 30. Qe7+ Rg7 31. Qd8 Rg8 1/2-1/2

[Event "Znojemska Rotunda 2006"]
[Site "?"]
[Date "2006.08.20"]
[Round "3.3"]
[White "Maslik, Miroslav"]
[Black "Vavrousek, Petr"]
[Result "1-0"]
[WhiteElo "2226"]
[BlackElo "1903"]
[PlyCount "95"]
[EventDate "2006.08.19"]

1. d4 d5 2. c4 c6 3. e3 Nf6 4. Nf3 e6 5. Nc3 Nbd7 6. Qc2 Bd6 7. Be2 O-O 8. O-O
Re8 9. Rd1 b6 10. e4 dxe4 11. Nxe4 Nxe4 12. Qxe4 Bb7 13. Bg5 Qc7 14. Bd3 Nf8
15. Qh4 c5 16. dxc5 bxc5 17. Qh3 Bxf3 18. Qxf3 Bxh2+ 19. Kh1 Be5 20. Rab1 Ng6
21. b4 cxb4 22. Rxb4 Rab8 23. Rdb1 Rxb4 24. Rxb4 Rb8 25. Rxb8+ Qxb8 26. g3 Bc7
27. Qe4 h6 28. Be3 Nf8 29. c5 f5 30. Qc4 Qe8 31. c6 Kh8 32. Bxa7 Qh5+ 33. Kg2
f4 34. Be2 Qa5 35. Qc5 Qxc5 36. Bxc5 Ng6 37. Bf3 fxg3 38. fxg3 Ne5 39. a4 Nd3
40. Bd4 e5 41. Bc3 Nc5 42. a5 Na6 43. Be2 Nb8 44. Bb5 Kg8 45. a6 Nxa6 46. Bxa6
Kf7 47. Kf3 e4+ 48. Kxe4 1-0

[Event "Znojemska Rotunda 2006"]
[Site "?"]
[Date "2006.08.20"]
[Round "3.4"]
[White "Blazek, Milos"]
[Black "Snorek, Milan"]
[Result "1-0"]
[WhiteElo "2100"]
[BlackElo "2201"]
[PlyCount "69"]
[EventDate "2006.08.19"]

1. d4 d5 2. Nc3 Bg4 3. Qd3 Qd7 4. Nf3 Bxf3 5. gxf3 Nc6 6. Bf4 Nb4 7. Qd2 c6 8.
O-O-O e6 9. e4 a5 10. a3 Na6 11. exd5 exd5 12. Re1+ Be7 13. Na4 Qd8 14. Rg1 Kf8
15. Be5 f6 16. Bxa6 Rxa6 17. Bf4 Qd7 18. Nc5 Bxc5 19. dxc5 g6 20. Re3 Kf7 21.
Rge1 g5 22. Bd6 Ra8 23. Qe2 Qf5 24. Re8 Nh6 25. Qe7+ Kg6 26. Rxa8 Rxa8 27. Qxb7
Rg8 28. f4 g4 29. Qxc6 Rc8 30. Qa4 Nf7 31. Kb1 h5 32. Re8 Nxd6 33. cxd6 Rc4 34.
Rg8+ Kh6 35. Qe8 1-0